[Event "Paris GCT 2018-Blitz"]
[Site "Paris"]
[Date "2018.06.24"]
[Round "14"]
[White "Mamedyarov, Shakhriyar"]
[Black "Anand, Viswanathan"]
[Result "1/2-1/2"]
[WhiteElo "2808"]
[BlackElo "2759"]
[Annotator "TA"]
[PlyCount "112"]
[EventDate "2018.06.23"]
[EventType "tourn"]
[EventCountry "FRA"]
[SourceTitle "playchess.com"]
[Source "ChessBase"]
[SourceQuality "1"]

{[%evp 17,112,10,18,11,20,14,35,21,16,7,47,36,55,0,90,95,83,81,121,0,0,0,0,0,0,0,0,0,0,0,0,-51,-60,-245,-240,-222,-241,-264,-251,-248,-259,-220,-22,0,30,36,300,105,152,132,116,120,151,165,156,0,0,0,-3,-37,-44,-38,-56,-110,-42,-29,-11,-9,-14,-9,-15,-147,0,0,0,0,0,0,0,0,0,0,0,0,0,0,0,0,0,0,0,0,0,0,0,0,0]} 1. d4 Nf6 2. c4 e6 3. Nc3 Bb4 4. Qc2 d5 5. Bg5 h6 6. Bxf6 {E34: Nimzo-Indian: Classical: 4...d5} Qxf6 7. a3 Bxc3+ 8. Qxc3 O-O 9. Nf3 c6 {LiveBook: 9 Games} 10. h4 $146 ({Predecessor:} 10. g3 Nd7 11. Bh3 b6 12. cxd5 cxd5 13. Qc6 Rb8 14. O-O Rd8 15. Rfc1 {½-½ (24) Mamedyarov,S (2809)-Aronian,L (2794) Berlin 2018}) 10... Nd7 11. g4 {[%cal Bg2g4,Bg4g5][%mdl 32]} Qe7 12. g5 h5 $1 13. e3 dxc4 14. Bxc4 b6 {[%cal Bb7b6,Bb6b5][%mdl 32]} 15. O-O-O (15. g6 $1 $14) 15... Bb7 (15... b5 $11 16. Bd3 Bb7) 16. g6 $1 $16 fxg6 17. Ng5 Rf6 18. f4 (18. e4 $1 $16) 18... b5 $1 $11 {[%cal Rb5c4]} 19. Ba2 c5 $36 {[%mdl 2048] White is under pressure.} 20. d5 {[%cal Rg5e6]} c4 21. Nxe6 Bxd5 22. Rxd5 Rxe6 23. Rxb5 Rxe3 24. Bxc4+ (24. Qxc4+ $11 Kh7 25. Kb1) 24... Kh8 $1 $15 25. Qd4 $2 (25. Bd3 $15 Rd8 26. Rd5) 25... Re4 $19 26. Qd5 {Threatening mate with Qxh5+!} Qe8 27. Bd3 Nf6 $1 {[%cal Rf6d5]} (27... Rxf4 28. Kb1 $15) 28. Qb7 Re7 ({Weaker is} 28... Rxf4 29. Kb1 $17) 29. Qa6 {intending Kb1.} Rc8+ $2 ({Black should play} 29... Rd8 $19 30. Re5 Rxe5 31. fxe5 Qxe5) 30. Kb1 $11 Re6 31. Qa5 ({Don't play} 31. Qxa7 Rd6 $17) 31... Rd8 $2 {[%mdl 8192] [#]} (31... Ng4 $14) 32. Bc2 $2 (32. Bxg6 $1 $18 {[%mdl 512]} Qf8 (32... Qxg6+ 33. f5) 33. Rxh5+ Kg8 34. Re5) 32... Re2 33. Re5 Rxe5 34. Qxe5 Qc6 35. Rg1 $1 Ng4 36. Qe4 $2 (36. Qg5 $1 $16 {[%cal Rg5d8]} Rd6 37. f5) 36... Qxe4 $1 37. Bxe4 {[%mdl 4096] Endgame KRB-KRN} Kh7 {Black wants to play ...Rd4.} 38. f5 Rd4 39. fxg6+ Kh6 40. Bb7 ({White should try} 40. Ba8 $15) 40... Ne5 (40... Ne3 $17 41. Re1 Nc4) 41. Re1 $15 Nxg6 42. Re6 {Strongly threatening Be4.} Rxh4 43. b4 $1 Rf4 {aiming for ...h4.} 44. b5 {[#]} (44. Be4 $11 {keeps the balance.} Rf6 45. Rxf6 gxf6 46. b5) 44... Rf6 (44... h4 $1 $17 {...h3 is the strong threat.} 45. Ra6 h3) 45. Rxf6 $11 {The position is equal.} gxf6 {KB-KN} 46. a4 Ne5 47. Bd5 Nd7 48. a5 Kg5 49. Kc2 Kf4 50. Bc6 ({Reject} 50. b6 {[#]} Nxb6 $1 {[%mdl 512]} 51. axb6 axb6 $17) 50... Nc5 51. Kc3 Ke5 52. Kc4 Kd6 53. Bf3 h4 {And now ...h3 would win.} 54. b6 axb6 55. axb6 f5 56. Kd4 Ne4 {Precision: White = 61%, Black = 48%.} 1/2-1/2

[Event "Paris GCT 2018-Blitz"]
[Site "Paris"]
[Date "2018.06.24"]
[Round "14"]
[White "Karjakin, Sergey"]
[Black "Caruana, Fabiano"]
[Result "1/2-1/2"]
[WhiteElo "2782"]
[BlackElo "2816"]
[Annotator "TA"]
[PlyCount "230"]
[EventDate "2018.06.23"]
[EventType "tourn"]
[EventCountry "FRA"]
[SourceTitle "playchess.com"]
[Source "ChessBase"]
[SourceQuality "1"]

{[%evp 14,230,40,20,77,64,77,58,64,9,78,35,45,63,70,70,78,45,108,64,107,43,84,-16,95,35,105,9,35,-21,-21,-21,-21,-18,-9,-6,-15,-129,-16,-28,0,0,0,0,0,0,0,0,0,0,0,-22,-20,-20,-7,-164,0,16,42,0,0,-48,-22,-182,-135,-245,-240,-372,-234,-304,-142,-368,-364,-867,0,0,0,-133,35,-233,-235,-347,-347,-298,-218,-207,-196,-185,-182,-458,-399,-331,-162,-168,-147,-195,-194,-187,-165,-153,-84,-86,-92,-89,-85,-86,-83,-83,-43,-64,-49,-49,-49,-172,-172,-172,-172,-172,-172,-185,-178,-179,-49,-173,-45,-45,-45,-49,-49,-47,-49,-49,-47,-100,-81,-84,-114,-222,-222,-226,-226,-226,-226,-226,-226,-232,-211,-258,-247,-247,-247,-395,-382,-409,-410,-382,-382,-271,-194,-402,-402,-394,-380,-469,-469,-469,-466,-1352,-1139,-29961,-29958,-5325,-390,-292,-277,-29978,-212,-29978,-29980,-29984,-29985,-29985,-29986,-29987,-29988,-29991,-29992,-29992,-29991,-29991,-29992,-29992,-29969,-29988,-29989,-29990,-29972,-29975,-29974,-29965,-1285,-1123,-927,-766,-689,-1225,-914,-734,-718,-29985,-29986,-29986,-29987,-29987,-29987,-29967,2,2,8]} 1. e4 c5 2. Nf3 e6 3. d4 cxd4 4. Nxd4 a6 5. c4 Nf6 6. Nc3 Bb4 7. Qd3 {B41: Sicilian: Kan Variation: 5 c4} Qc7 (7... O-O 8. Be2 d6 9. O-O Nbd7 10. Qc2 Bxc3 11. bxc3 Nc5 12. f3 Qc7 13. Be3 Bd7 14. Qd2 e5 {0-1 (45) Jakovenko,D (2710)-Andreikin,D (2708) Sochi 2017}) 8. Nc2 {LiveBook: 7 Games} Bc5 (8... Bxc3+ $11 9. Qxc3 O-O) 9. Be2 {White is better.} O-O 10. O-O Nc6 11. Kh1 $146 (11. Bg5 $14) ({Predecessor:} 11. Be3 Ne5 12. Qd1 d6 13. Rc1 Bd7 14. b4 Bxe3 15. Nxe3 {1-0 (64) Molner,M (2450)-Wang,J (2006) chess.com INT 2017}) 11... d6 (11... b5 $11) 12. f4 Bd7 13. a3 Rad8 14. b4 Ba7 15. Bb2 Rfe8 (15... Ne7 $14) 16. Rad1 Bc8 17. Bf3 (17. g4 $16) 17... Ne7 18. g3 (18. Ne2 $16) 18... b6 (18... d5 $11 19. cxd5 (19. exd5 exd5 20. cxd5 Bf5 $11) 19... exd5 20. Nxd5 (20. exd5 Bf5 $11) 20... Nfxd5 21. exd5 Bf5) 19. Ne2 (19. b5 $16) 19... e5 (19... d5 $14) 20. Ne3 (20. fxe5 $16 dxe5 21. Bxe5 Rxd3 22. Bxc7 Rxf3 23. Rxf3) 20... b5 $11 21. cxb5 (21. fxe5 $14 dxe5 22. Nd5 Nexd5 23. cxd5) 21... axb5 22. Nc3 Bd7 23. Bg2 Qb7 24. Qe2 Bc6 {[%cal Rf6e4]} 25. Qd3 (25. Ned5 $1 $11 Bxd5 26. exd5) 25... exf4 (25... Bd4 $17 26. Qe2 Bxc3 27. Bxc3 Nxe4) 26. Rxf4 Bxe3 27. Rxf6 gxf6 28. Qxe3 {And now Qh6 would win.} Ng6 29. Qf2 Ne5 30. Qxf6 Qe7 31. Qf4 Qe6 32. Ne2 Qg6 $36 {[%mdl 2048] White should prevent ...Nc4. Black fights for an advantage.} 33. Nd4 Bd7 34. Nf3 $2 (34. h3 $11) 34... Bg4 $2 (34... Nc4 $19 35. Bd4 Rxe4) 35. Nh4 $1 {[%cal Rh4g6]} Qh5 36. Rd4 {[%mdl 1024] White has compensation.} Be6 37. Rd2 h6 38. Ba1 $2 (38. Qf2 $11 {and White has nothing to worry.}) 38... Qg5 39. Qf2 (39. Nf3 $17 {keeps fighting.} Qxf4 40. gxf4) 39... Rc8 $19 {aiming for ...Rc1+.} 40. Rd1 (40. Bb2 $142 Nc4 41. Nf3) 40... Rc4 41. Nf3 Qh5 (41... Nxf3 $19 {is more deadly.} 42. Bxf3 Bg4) 42. Bb2 $2 (42. Rf1 $17) 42... Rec8 43. Rxd6 $2 {[#]} (43. Bxe5 dxe5 44. Qf1) 43... Ng4 $2 (43... Rc1+ $1 $19 {[%mdl 512]} 44. Bxc1 Rxc1+ 45. Ng1 Ng4 46. Rd8+ Kh7 47. Rh8+ Kxh8 48. Qd4+ Kg8) 44. Qd2 $11 Kh7 45. Kg1 ({But not} 45. Rxe6 $2 Rc2 $19) (45. Qe1 $11 {keeps the balance.}) 45... Qg6 $2 (45... Nxh2 $17 46. Ne1 (46. Nxh2 $2 Rc2 $19) 46... R4c7) 46. Nh4 $2 {[%mdl 8192]} (46. Rd8 $14 {stays ahead.}) 46... Qg5 $19 47. Nf3 (47. Qxg5 $142 hxg5 48. Nf3) 47... Qxd2 48. Rxd2 Rc2 49. Bd4 Rxd2 50. Nxd2 Rc1+ 51. Bf1 $2 (51. Nf1) 51... Bc4 52. h3 {[#]} Nh2 $1 {[%mdl 512]} 53. Kxh2 Bxf1 {[%mdl 4096] Endgame KRB-KBN} 54. g4 Rc2 55. Be3 Ra2 56. Kg3 {[#]} Bd3 (56... Be2 $142 $1 57. e5 Rxa3) 57. Kf4 $17 Rxa3 {...Be2 is the strong threat.} 58. Nf3 Rb3 59. Bc5 Bc4 60. h4 f6 61. Nd4 Rh3 62. h5 Rh1 63. Be7 (63. Nf5 $15) 63... Rf1+ $19 64. Ke3 {[#]} Re1+ $1 65. Kf4 Bd3 66. Bxf6 Rxe4+ 67. Kf3 Re1 (67... Kg8 $19 68. Nf5 Rxb4 69. Nxh6+ Kh7) 68. Kf4 (68. Bh4 $15 Rf1+ 69. Kg3) 68... Rb1 ({Black should play} 68... Kg8 $19 69. Kf3 Re8) 69. Be7 $1 $15 Kg7 70. Bc5 Kf6 71. Nf3 Rf1 72. Ke3 Bc4 73. Bf8 ({White should try} 73. Bd4+ $15 Ke7 74. Bc5+ Ke8 75. Nd4) 73... Bd5 74. Nd2 Rg1 75. Bxh6 (75. Kd4 $17 Ba8 76. Kc5) 75... Rxg4 $19 76. Bf4 Kf5 77. Bd6 Rh4 78. Bc5 Rxh5 79. Kd4 Ke6 80. Nf1 Rh4+ 81. Kc3 Ke5 82. Ne3 (82. Kc2 $142) 82... Ke4 83. Kd2 Rh2+ 84. Kc3 Rh3 85. Kd2 Bc4 86. Nd1 $2 (86. Nxc4 bxc4 87. Kc2) 86... Rh2+ 87. Kc3 Re2 88. Nf2+ Kf3 89. Nd1 Bd5 90. Nb2 (90. Bf8 $142) 90... Be4 91. Nd1 Rc2+ 92. Kb3 Rc1 $2 (92... Rd2 93. Nc3 Bd3) 93. Nc3 Bd3 94. Kb2 $2 (94. Bd4 $19) 94... Rh1 $2 (94... Rc2+ 95. Kb3 Rd2 96. Ka3 Bc4 97. Bf8 Rc2 98. Bg7 Be6 99. Bd4 Kf4 100. Bg7 Ke3 101. Bf6 Kd3 102. Bg7 Rg2 103. Bf6 Bc4 104. Be5 Kc2 105. Na4 Rg8 106. Nb6 Be6 107. Bf4 Rh8 108. Bg3 Rh1 109. Be5 Rh3+ 110. Bg3 Rxg3#) 95. Kb3 $2 (95. Nd5 $19) 95... Rh2 96. Ka3 Bc4 97. Bd4 Rc2 98. Bf6 Ke3 99. Be5 Kd3 100. Bf6 Bf7 101. Bg7 Rg2 102. Bf6 Kc4 103. Ne4 Bg8 104. Nc3 Rg3 105. Be5 Re3 106. Bf6 Re6 (106... Rf3 $142 107. Be5 Bh7 108. Kb2 Kxb4 109. Nd1 Kc4 110. Bh8 Bg6 111. Be5 b4 112. Bg7 Kd3 113. Kb3 Kd2+ 114. Kxb4 Kxd1 115. Kc4 Rd3 116. Bd4 Be4 117. Be5 Ke2 118. Bd4 Bh7 119. Kd5 Rf3 120. Bh8 Kd3 121. Kd6 Rf5 122. Be5 Bg8 123. Bg3 Kd4 124. Bh2 Rf6+ 125. Ke7 Re6+ 126. Kf8 Rg6 127. Ke7 Ke4 128. Bc7 Kf5 129. Kd7 Bb3 130. Bb8 Re6 131. Kd8 Ba4 132. Kc7 Rh6 133. Kd8 Rh7 134. Kc8 Ke6 135. Bc7 Bc6 136. Ba5 Bb5 137. Kd8 Ba6 138. Be1 Rh1 139. Bd2 Rd1 140. Kc7 Rxd2 141. Kc6 Rc2+ 142. Kb6 Kd6 143. Ka5 Bc4 144. Kb4 Kc6 145. Ka3 Kc5 146. Ka4 Ra2#) 107. Bg7 Ra6+ 108. Kb2 Kxb4 109. Bf8+ Kc4 110. Ne4 b4 111. Nd6+ Kd3 112. Nb7 Ra2+ 113. Kb1 Kc3 114. Bg7+ Kc4 $2 (114... Kd2 {mates} 115. Bh6+ Ke2 116. Nc5 b3 117. Nxb3 Bxb3 118. Bg7 Be6 119. Bh6 Kd1 120. Bf8 Rf2 121. Bc5 Rf3 122. Bd4 Rb3+ 123. Ka2 Kc2 124. Bb2 Rf3+ 125. Ka1 Rf1+ 126. Bc1 Rxc1#) 115. Kxa2 $11 Kb5+ {Precision: White = 26%, Black = 48%.} 1/2-1/2

[Event "Paris GCT 2018-Blitz"]
[Site "Paris"]
[Date "2018.06.24"]
[Round "14"]
[White "Nakamura, Hikaru"]
[Black "Kramnik, Vladimir"]
[Result "1-0"]
[WhiteElo "2769"]
[BlackElo "2787"]
[Annotator "TA"]
[PlyCount "37"]
[EventDate "2018.06.23"]
[EventType "tourn"]
[EventCountry "FRA"]
[SourceTitle "playchess.com"]
[Source "ChessBase"]
[SourceQuality "1"]

{[%evp 21,37,-18,-11,-17,-29,-24,-18,-20,-8,-2,1,-29,22,22,19,18,447,438]} 1. Nf3 Nf6 2. b3 d5 3. Bb2 e6 4. g3 Be7 5. Bg2 O-O 6. O-O c5 7. d4 Nc6 8. e3 b6 9. c4 Ba6 {A14: English Opening: 1...e6 with b3 by White} (9... cxd4 10. Nxd4 Bb7 11. Nc3 Na5 12. cxd5 Nxd5 13. Rc1 Bf6 14. Ne4 Rc8 15. Nxf6+ Qxf6 16. e4 Ne7 17. Nc6 Naxc6 18. Bxf6 gxf6 {1-0 (44) Le,Q (2703)-Wang,Y (2723) Beijing 2013}) 10. Ne5 Rc8 11. Nd2 cxd4 {LiveBook: 6 Games. The position is equal.} 12. Nxc6 Rxc6 13. Bxd4 Rc7 $146 {[%cal Rd5c4]} ({Predecessor:} 13... Rc8 14. Rc1 Bb4 15. Bc3 Bxc3 16. Rxc3 b5 17. Qc1 {0-1 (51) Pasztor,F (2093)-Halmi,S (2083) Hungary 2008}) 14. Qe2 Bb4 15. Rfd1 Qe7 16. a3 Bxd2 ({Better is} 16... Bd6) 17. Qxd2 $11 dxc4 18. Be5 Rd7 $2 {[%mdl 8192] [#]} (18... c3 $1 $11 19. Qc2 (19. Bxc3 Rfc8 $11) 19... Rfc8) 19. Bxf6 $1 1-0

[Event "Paris GCT 2018-Blitz"]
[Site "Paris"]
[Date "2018.06.24"]
[Round "14"]
[White "Grischuk, Alexander"]
[Black "So, Wesley"]
[Result "1/2-1/2"]
[WhiteElo "2766"]
[BlackElo "2778"]
[Annotator "TA"]
[PlyCount "80"]
[EventDate "2018.06.23"]
[EventType "tourn"]
[EventCountry "FRA"]
[SourceTitle "playchess.com"]
[Source "ChessBase"]
[SourceQuality "1"]

{[%evp 19,80,0,0,0,0,0,0,0,0,5,8,-10,-10,-47,-19,-32,-20,-21,-13,-27,-17,-18,0,0,0,0,0,0,112,-10,-12,-59,0,0,0,0,0,0,0,0,0,0,0,0,0,0,0,0,0,0,0,-8,-8,-16,0,-8,0,0,0,-16,0,0,0]} 1. c4 c5 2. Nc3 Nc6 3. g3 g6 4. Bg2 Bg7 5. Nf3 e6 6. d4 cxd4 7. Nb5 d5 8. cxd5 Qa5+ 9. Nd2 exd5 {A37: Symmetrical English vs ...g6: 4 Bg2 Bg7 5 Nf3} (9... Qxb5 10. dxc6 Ne7 11. a4 Qb4 12. b3 Nxc6 13. Ba3 Qa5 14. O-O Bf8 15. Nc4 Qd8 16. b4 Nxb4 17. a5 {½-½ (40) Fressinet,L (2709)-Fedoseev,V (2641) Yerevan 2014}) 10. Nd6+ Kf8 {LiveBook: 3 Games} 11. Nxc8 Rxc8 12. O-O Nge7 13. Nf3 $146 ({Predecessor:} 13. Nb3 Qb6 14. Bf4 Nd8 15. Rc1 Rxc1 16. Bxc1 Ne6 17. Bd2 {½-½ (36) Williamson,D (2310)-Verhaeren,G (2310) ICCF email 2016}) 13... h6 14. h4 Bf6 15. Bd2 Qb6 16. b4 Kg7 ({Don't blunder} 16... Nxb4 $2 17. Rb1 $18) 17. Rb1 Ne5 18. a4 Nxf3+ 19. exf3 h5 20. Re1 Rhe8 21. Bf1 Nf5 22. Rxe8 Rxe8 23. Bd3 Ne3 (23... Qe6 $11) 24. Qb3 (24. fxe3 $2 dxe3 25. Kg2 (25. a5 $2 Qd4 $19) 25... exd2 $17) ({Better is} 24. Qe2 $16) 24... Qd6 $11 25. Re1 Re6 (25... Rc8 $15) 26. b5 {[#]The position is equal.} Nc4 $1 {[%mdl 512]} 27. Bxc4 dxc4 28. Qxc4 Rxe1+ 29. Bxe1 d3 {And now ...d2 would win.} 30. Bd2 Qd4 31. Qb3 $1 Qb2 32. Qxd3 Qa1+ 33. Kg2 Qxa4 34. Be3 a6 35. bxa6 bxa6 36. Qd6 Qa1 37. Bc5 Kh7 38. Qd5 Kg7 39. Qd6 {Strongly threatening Qf8+.} Kh7 40. Qd5 Kg7 {Precision: White = 68%, Black = 48%.} 1/2-1/2

[Event "Paris GCT 2018-Blitz"]
[Site "Paris"]
[Date "2018.06.24"]
[Round "14"]
[White "Aronian, Levon"]
[Black "Vachier-Lagrave, Maxime"]
[Result "1/2-1/2"]
[WhiteElo "2764"]
[BlackElo "2789"]
[Annotator "TA"]
[PlyCount "88"]
[EventDate "2018.06.23"]
[EventType "tourn"]
[EventCountry "FRA"]
[SourceTitle "playchess.com"]
[Source "ChessBase"]
[SourceQuality "1"]

{[%evp 16,88,10,0,22,34,43,28,31,28,32,14,30,18,16,27,20,20,24,14,3,0,4,8,10,0,2,0,0,0,0,0,19,19,19,0,0,5,19,19,19,0,20,0,5,0,0,0,0,0,0,0,19,16,57,0,0,0,11,0,8,9,10,0,0,0,0,0,0,0,0,0,0,0,0]} 1. Nf3 c5 2. e3 d5 3. b3 Nf6 4. Bb2 Nc6 5. Bb5 Bd7 6. O-O e6 7. Bxc6 Bxc6 {A06: Réti Opening:1 Nf3 d5} 8. Ne5 Rc8 9. d3 {LiveBook: 15 Games} Nd7 $146 ({Predecessor:} 9... Be7 10. Nd2 O-O 11. f4 Ne8 12. Qf3 f6 13. Nxc6 Rxc6 14. e4 d4 15. a4 Qd7 16. Rae1 b6 17. Bc1 a6 18. f5 Nd6 19. fxe6 Qxe6 20. e5 Nf7 21. exf6 Ne5 22. Rxe5 Qxe5 23. f7+ {1-0 (23) Horton,A (2397)-Polzin,R (2404) Katowice 2017}) 10. Nxc6 Rxc6 11. Nd2 Nf6 12. f4 Bd6 13. Nf3 O-O 14. Ne5 Bxe5 15. fxe5 Nd7 16. Qh5 Qe8 17. Qh4 Qb8 18. Qf4 f6 19. exf6 {[#] Threatens to win with Qg5.} Qxf4 20. exf4 Nxf6 21. Rae1 d4 22. a4 Nd5 23. Bc1 b6 24. Bd2 a6 25. Re4 Nf6 26. Re5 Kf7 27. h3 Rd8 28. f5 Re8 29. g4 h6 30. Kg2 exf5 31. Rxe8 Nxe8 32. Rxf5+ $11 {[%mdl 4096] Endgame KRB-KRN} Nf6 33. Kf3 g6 34. Re5 g5 35. Be1 ({White should try} 35. Rf5 $14) 35... Nd7 {The position is equal.} 36. Rf5+ Ke6 37. Bg3 b5 38. axb5 axb5 39. Ke2 b4 40. Rf1 Ra6 41. Kd2 Ra8 42. Re1+ Kf6 43. Rf1+ Ke6 44. Re1+ Kf6 {Precision: White = 48%, Black = 61%.} 1/2-1/2

[Event "Paris GCT 2018-Blitz"]
[Site "Paris"]
[Date "2018.06.24"]
[Round "15"]
[White "Caruana, Fabiano"]
[Black "Grischuk, Alexander"]
[Result "1/2-1/2"]
[WhiteElo "2816"]
[BlackElo "2766"]
[Annotator "TA"]
[PlyCount "81"]
[EventDate "2018.06.23"]
[EventType "tourn"]
[EventCountry "FRA"]
[SourceTitle "playchess.com"]
[Source "ChessBase"]
[SourceQuality "1"]

{[%evp 27,81,0,4,0,22,-23,0,-10,0,-47,-46,-88,104,-135,-148,-188,-189,-164,-184,-171,-185,-165,0,0,0,-4,28,37,81,26,68,59,66,54,42,0,0,0,0,-12,-12,-12,-12,-12,0,0,0,0,0,0,0,0,0,0,0,-12]} 1. Nf3 Nf6 2. b3 g6 3. Bb2 Bg7 4. c4 O-O 5. g3 d6 6. d4 Nbd7 7. Bg2 c6 8. O-O Re8 9. Nc3 e5 10. e4 exd4 11. Nxd4 Nc5 12. Re1 Ng4 {E68: Königsindisch (Hauptvariante des g3-Systems mit e2-e4)} 13. h3 (13. b4 Qb6 14. a3 a5 15. Na2 axb4 16. axb4 Na4 {0-1 (16) Vachier Lagrave,M (2795)-Grischuk,A (2750) chess.com INT 2017}) 13... Ne5 14. Re3 Qb6 {LiveBook: 5 Partien} 15. Nc2 a5 16. Bf1 $146 ({Vorgänger:} 16. Rb1 Be6 17. Ba1 f5 18. f4 Nf7 19. Kh2 fxe4 20. Nxe4 Nxe4 21. Bxg7 Kxg7 22. Rxe4 Bf5 23. Rxe8 Rxe8 24. Rb2 Kg8 25. Qd4 Qc7 {½-½ (25) Duong,T (2101)-Fominykh,M (2265) Moscow 2012}) 16... Be6 17. Rb1 a4 18. b4 Ncd7 $1 19. Na3 Qxb4 $2 {[#]} (19... h5 $17 {und es läuft.} 20. Bc1 Qa7) 20. Bc1 $2 (20. Ncb5 $1 $16 {[%mdl 512] ist nötig, um Vorteil zu sichern.} cxb5 21. Bxe5) 20... Qa5 $17 21. f4 {[#]} Nxc4 $1 22. Nxc4 Bxc4 23. Bxc4 Bxc3 24. Rxb7 d5 $2 ({Lieber} 24... Ra7 $19 25. Rxa7 Qxa7) 25. Rxd7 $11 {Und Dd3 würde nun gewinnen.} dxc4 26. Qc2 $132 {[%mdl 2048] Weiss is not keeping still} Bf6 27. Qxc4 Re7 28. Rd1 ({Vergiftet wäre} 28. Qxc6 $2 Rxd7 29. Qxd7 Qc5 $19) ({Besser ist} 28. Rd6 $16 Ba1 29. Rxc6) 28... Rd8 29. Rxd8+ Qxd8 30. e5 Bg7 31. Rd3 Rd7 {Die Stellung ist ausgeglichen.} 32. Rxd7 Qxd7 33. Qxa4 Qxh3 34. Qb3 h5 35. Qf3 h4 36. Qg2 Qg4 {Weiss muss nun ...h3 beachten.} 37. gxh4 Qxh4 38. Qxc6 Qe1+ 39. Kg2 Qe2+ 40. Kg3 Qxa2 41. Be3 {Precision: Weiß = 40%, Schwarz = 44%.} 1/2-1/2

[Event "Paris GCT 2018-Blitz"]
[Site "Paris"]
[Date "2018.06.24"]
[Round "15"]
[White "Vachier-Lagrave, Maxime"]
[Black "Mamedyarov, Shakhriyar"]
[Result "1-0"]
[WhiteElo "2789"]
[BlackElo "2808"]
[Annotator "TA"]
[PlyCount "69"]
[EventDate "2018.06.23"]
[EventType "tourn"]
[EventCountry "FRA"]
[SourceTitle "playchess.com"]
[Source "ChessBase"]
[SourceQuality "1"]

{[%evp 15,69,0,-10,-25,-27,-10,-7,-44,-49,-39,-47,-62,-70,-125,-68,-108,-102,-73,-91,-139,-139,-129,-110,-112,-118,-110,-37,-51,-24,-38,-28,-23,0,0,8,8,22,12,81,83,66,70,101,94,195,190,198,202,426,410,405,428,401,419,462,450]} 1. e4 c6 2. d4 d5 3. e5 Bf5 4. Nf3 e6 5. Be2 Ne7 6. Nbd2 Nd7 7. O-O c5 8. c3 {B12: Caro-Kann: Advance Variation} (8. dxc5 Nc6 9. Nb3 Bxc5 10. Nxc5 Nxc5 11. Nd4 Bg6 12. Nxc6 bxc6 13. Be3 Nd7 14. f4 c5 15. c4 d4 {0-1 (38) Vachier Lagrave,M (2789)-Mamedyarov,S (2808) Stavanger 2018}) 8... Nc6 {LiveBook: 9 Games} 9. Nb3 c4 10. Nbd2 $1 {Black has an edge.} b5 {[%cal Bb7b5,Bb5b4][%mdl 32]} 11. Re1 b4 12. Nf1 Be7 $146 ({Predecessor:} 12... bxc3 13. bxc3 Qa5 14. Bd2 Ba3 15. Nh4 Bb2 16. Nxf5 exf5 {1-0 (39) Cao,S (2480)-Nguyen Tran Ngoc,T (1887) Ho Chi Minh City 2015}) 13. Ng3 Bg6 14. Be3 (14. Bd2 $15) 14... O-O (14... bxc3 $17 15. bxc3 Qa5) 15. h4 Bxh4 16. Nxh4 Qxh4 17. cxb4 Nxb4 18. Qd2 {Black must now prevent Bg5.} Nc2 {Hoping for ...Rfb8.} 19. Rac1 Nxe3 (19... Nxe1 $6 20. Bg5 $11) 20. Qxe3 f6 ({Black should try} 20... Rfb8 $17 21. b3 cxb3 22. axb3 Rb4) 21. exf6 $15 Rxf6 {And now ...Raf8 would win.} 22. b3 cxb3 23. axb3 Raf8 24. Rc7 Nb6 25. Bf3 Nc8 26. Qe5 {Threatening Rec1.} Qf4 (26... Bf7 $11) 27. Qxf4 $16 Rxf4 28. Rxe6 Rxd4 29. Rec6 $36 {[%mdl 2048] White is on the roll.} Nb6 (29... Be8 $16 30. Rxc8 Bxc6 31. Rxc6 g6) 30. Rxa7 $18 Rf6 {[#]} 31. Rcc7 $1 Rf7 $2 (31... Rb4 32. Nh5 (32. Rxg7+ Kf8 $16) 32... Rf5) 32. Rxf7 Bxf7 33. Rb7 Nc8 {[#]} 34. Nf5 $1 {[%cal Rf5d4]} Rf4 35. Rb8 {Precision: White = 59%, Black = 37%.} 1-0

[Event "Paris GCT 2018-Blitz"]
[Site "Paris"]
[Date "2018.06.24"]
[Round "15"]
[White "So, Wesley"]
[Black "Kramnik, Vladimir"]
[Result "1/2-1/2"]
[WhiteElo "2778"]
[BlackElo "2787"]
[Annotator "TA"]
[PlyCount "89"]
[EventDate "2018.06.23"]
[EventType "tourn"]
[EventCountry "FRA"]
[SourceTitle "playchess.com"]
[Source "ChessBase"]
[SourceQuality "1"]

{[%evp 21,89,-1,19,20,16,12,7,2,5,-21,-8,-35,-20,-37,-40,-27,-16,-20,-33,-89,-80,-108,0,0,0,0,3,0,10,14,11,6,6,10,10,8,33,25,62,61,154,141,173,15,37,39,33,6,6,6,8,0,0,0,0,0,0,0,0,0,0,0,0,0,0,0,0,0,0,0]} 1. Nf3 d5 2. g3 Nf6 3. Bg2 e6 4. O-O Be7 5. c4 O-O 6. b3 c5 7. Bb2 b6 8. cxd5 Nxd5 9. d4 Bb7 10. dxc5 Bxc5 11. Nc3 {A14: English Opening: 1...e6 with b3 by White} (11. a3 a5 12. Nbd2 Qe7 13. Ne5 Rd8 14. Nd3 Nc6 15. Nxc5 bxc5 16. e3 Ba6 17. Re1 a4 18. bxa4 Bd3 {½-½ (47) Giri,A (2771)-Kramnik,V (2808) Stavanger 2017}) 11... Nd7 {LiveBook: 3 Games} 12. Nxd5 Bxd5 13. Qd3 Qe7 $146 ({Predecessor:} 13... Rc8 14. Rfd1 Qe7 15. e4 Bc6 16. Nd4 Ba8 17. a3 Ne5 18. Qe2 a5 19. f4 Nc6 {½-½ (19) Trevelyan,J (2178)-Cast,J Swansea 2002}) 14. Rad1 {Threatening e4.} Rfd8 15. Qc3 {[%csl Gb2][%cal Rc3g7]} Nf6 16. Qe5 Rac8 17. Nh4 Bxg2 18. Rxd8+ Qxd8 19. Kxg2 Bf8 20. Nf3 (20. Rc1 $15) 20... Rc2 $17 21. Rb1 Qd5 (21... Qa8 $17 22. a4 Ne4) 22. Qxd5 $11 Nxd5 23. Kf1 Nb4 24. Nd4 $36 {[%mdl 2048] White is pushing.} Rc8 25. a3 Nd5 26. Rc1 Rxc1+ 27. Bxc1 {[%mdl 4096] Endgame KBN-KBN} a6 28. e4 Nc3 29. f3 Bc5 30. Nc6 $1 b5 {[#]} (30... a5 $14) 31. Ke1 $1 $16 f5 {[#]} 32. b4 $2 ({White should play} 32. Bb2 $1 $18) 32... Bd6 33. Bb2 Na4 $1 {[%cal Ra4b2]} 34. Bd4 fxe4 {The position is equal.} 35. fxe4 Kf7 36. Kd2 g6 37. Ke3 Ke8 38. Na5 e5 39. Ba7 Kd7 40. Kd2 Bc7 41. Nb3 Nb2 42. Bf2 Nc4+ 43. Kc3 $1 Kc6 44. Nd2 Nxd2 45. Kxd2 {Precision: White = 48%, Black = 61%.} 1/2-1/2